| 000 | 00808nam a2200229 a 4500 | ||
|---|---|---|---|
| 001 | 000035361 | ||
| 005 | 20200930074303.0 | ||
| 008 | 111028s1972 sp a 000 pdspa d | ||
| 020 | _a8433430157 | ||
| 040 |
_aDO-SdBNP _bspa _cBNPHU |
||
| 041 | 1 | 7 |
_aspachi _hchispa |
| 100 | 1 |
_aMoravia, Alberto, _d1907-1990 _961155 |
|
| 245 | 1 | 0 |
_aMao Tse-Tung / _cAlberto Moravia y Girolamo Mancuso ; traducción José Palao. |
| 260 |
_aMadrid : _bEdiciones Júcar, _c1972. |
||
| 300 |
_a187, [8] p. : _bil., fot. bl. y n. ; _c18 cm. |
||
| 490 | 0 |
_aColección Los Poetas ; _v15 |
|
| 500 | _aPoemas en español y en chino | ||
| 600 | 1 | 4 |
_aMAO, TSE-TUNG _d1893-1976 _xOBRA POÉTICA _961156 |
| 700 | 1 |
_aMancuso, Girolamo, _d1935- _961157 |
|
| 700 | 1 |
_aPalao, José, _etrad. _961158 |
|
| 830 | 0 |
_aColección Los Poetas ; _n15 _961159 |
|
| 999 |
_c34852 _d34852 |
||